000 00737nam a2200229Ia 4500
003 OSt
005 20221005133708.0
006 a|||||r|||| 00| 0
007 ta
008 221004b |||||||| |||| 00| 0 pan d
024 _a27812
037 _cTextual
040 _aCRL
_cCRL
_bpan
041 _2pan
_apan
082 _aV2y7L80, 153M8
100 _aਨੂਰ, ਸੁਤਿੰਦਰ ਸਿੰਘ, ਥਦ.
245 0 _aਇਤਿਹਾਸ ਦਾ ਗੌਰਵ
_b ਮਹਾਰਾਜਾ ਰਣਜੀਤ ਸਿੰਘ
260 _c1988
650 _aਭਾਰਤੀਯ ਇਤਿਹਾਸ
942 _hV2y7L80, 153M8
_cTEXL
_2cc
999 _c1067589
_d1067589